LIBRARY & INFORMATION CENTRE, KCAET, TAVANUR

ONLINE PUBLIC ACCESS CATALOGUE (OPAC)

Normal view MARC view
  • Hajara choudhary, A K

Entry Personal Name

Number of records used in: 1

001 - CONTROL NUMBER

  • control field: 6924

003 - CONTROL NUMBER IDENTIFIER

  • control field: OSt

005 - DATE AND TIME OF LATEST TRANSACTION

  • control field: 20250113120123.0

008 - FIXED-LENGTH DATA ELEMENTS

  • fixed length control field: 250113|| aca||aabn | a|a d

040 ## - CATALOGING SOURCE

  • Original cataloging agency: OSt
  • Transcribing agency: OSt

100 ## - HEADING--PERSONAL NAME

  • Personal name: Hajara choudhary, A K

670 ## - SOURCE DATA FOUND

  • Source citation: Work cat.: (OSt)11128: Hajara Choudhary, S K . 1292, Elements of workshop technology / , 1986.
free website counter